000 00377nam a2200133Ia 4500
008 220214s9999 xx 000 0 und d
022 _a0008-347X
245 4 _aThe Canadian Entomologist
260 _bThe Entomological Society of Canada, Ottawa
_aCanada
310 _aM
500 _aEnding Volume & Year: 119, 1987
500 _aStarting Volume & Year: 110, 1978
942 _cBJ
999 _c8966
_d8966